Statistiques concernant Premières dames des États-Unis

Cliquez ici pour prendre le quiz!

Statistiques générales

  • Ce quiz a été pris 66 fois
  • Le résultat moyen est 14 sur 56

Statistiques - réponses

Réponse% Correct
Hillary Clinton
100%
Michelle Obama
100%
Melania Trump
91%
Jacqueline Kennedy
80%
Nancy Reagan
66%
Barbara Bush
61%
Eleanor Roosevelt
48%
Laura Bush
48%
Mamie Eisenhower
34%
Martha Washington
34%
Rosalynn Carter
34%
Mary Lincoln
32%
Thelma Nixon
32%
Edith Roosevelt
30%
Elizabeth Truman
29%
Abigail Adams
27%
Claudia Johnson
27%
Eliza Johnson
27%
Elizabeth Ford
25%
Edith Wilson
23%
Louisa Adams
23%
Ellen Wilson
21%
Margaret Woodrow Wilson
21%
Elizabeth Monroe
20%
Lou Hoover
20%
Rachel Jackson
20%
Sarah Jackson
20%
Ida McKinley
18%
Lucretia Garfield
18%
Frances Cleveland
16%
Frances Cleveland
16%
Julia Grant
16%
Margaret Taylor
16%
Rose Cleveland
16%
Anna Harrison
14%
Caroline Harrison
14%
Dolley Madison
14%
Grace Coolidge
14%
Jane Harrison
14%
Julia Tyler
14%
Letitia Tyler
14%
Lucy Hayes
14%
Mary Harrison
14%
Priscilla Tyler
14%
Sarah Polk
14%
Angelica Van Buren
13%
Ellen Arthur
13%
Florence Kling Harding
13%
Hannah Van Buren
13%
Helen Taft[
13%
Jane Pierce
11%
Abigail Fillmore
9%
Emily Donelson
0%
Harriet Lane
0%
Martha Randolph
0%
Mary McElroy
0%

Distribution des résultats

Percentile par nombre de réponses

% des personnes avec chaque résultat

Votre développement - résultats

Vous n’avez pas pris ce quiz